Faculty of Law Library — Cairo University

Official Online Catalog

The law, economics and politics of retaliation in WTO dispute settlement / (Record no. 65947)

MARC details
000 -LEADER
fixed length control field 04054cam a2200421 i 4500
003 - CONTROL NUMBER IDENTIFIER
control field EG-GICUC
005 - DATE AND TIME OF LATEST TRANSACTION
control field 20260310102435.0
008 - FIXED-LENGTH DATA ELEMENTS--GENERAL INFORMATION
fixed length control field 090827s2010 enka frb 001 0 eng d
020 ## - INTERNATIONAL STANDARD BOOK NUMBER
International Standard Book Number 9780521119979
Qualifying information hbk. : alk. paper
020 ## - INTERNATIONAL STANDARD BOOK NUMBER
International Standard Book Number 0521119979
Qualifying information hbk. : alk. paper
040 ## - CATALOGING SOURCE
Original cataloging agency DLC
Transcribing agency DLC
Modifying agency BTCTA
-- BWKUK
-- BWK
-- YDXCP
-- CDX
-- BOP
-- UKM
-- RCJ
-- DLC
-- EG-GICUC
Language of cataloging eng
Description conventions rda
050 00 - LIBRARY OF CONGRESS CALL NUMBER
Classification number K4610
Item number .L39 2010
082 00 - DEWEY DECIMAL CLASSIFICATION NUMBER
Classification number 347.87
Edition number 21
092 04 - LOCALLY ASSIGNED DEWEY CALL NUMBER (OCLC)
Edition number 21
099 ## - LOCAL FREE-TEXT CALL NUMBER (OCLC)
Classification number Law 12 2010
245 04 - TITLE STATEMENT
Title The law, economics and politics of retaliation in WTO dispute settlement /
Statement of responsibility, etc. edited by Chad P. Bown, Joost Pauwelyn.
264 ## - PRODUCTION, PUBLICATION, DISTRIBUTION, MANUFACTURE, AND COPYRIGHT NOTICE
Place of production, publication, distribution, manufacture Cambridge, UK ;
-- New York :
Name of producer, publisher, distributor, manufacturer Cambridge University Press,
Date of production, publication, distribution, manufacture, or copyright notice 2010.
300 ## - PHYSICAL DESCRIPTION
Extent xiv, 677 pages :
Other physical details illustrations ;
Dimensions 24 cm.
336 ## - CONTENT TYPE
Content type term text
Source rdacontent
337 ## - MEDIA TYPE
Media type term Computer
Source rdamedia
338 ## - CARRIER TYPE
Carrier type term Online Resource
Source rdacarrier
490 1# - SERIES STATEMENT
Series statement Cambridge international trade and economic law
504 ## - BIBLIOGRAPHY, ETC. NOTE
Bibliography, etc. note Includes bibliographical references and index.
505 00 - FORMATTED CONTENTS NOTE
Formatted contents note The nature of WTO arbitrations on retaliation / Giorgio Sacerdoti -- The calculation and design of trade retaliation in context : what is the goal of suspending WTO obligations? / Joost Pauwelyn -- Extrapolating purpose from practice : rebalancing or inducing compliance / Gregory Shaffer and Daniel Ganin -- The law of permissible WTO retaliation / Thomas Sebastian -- From bananas to Byrd : damage calculation coming of age? / Yves Renouf -- The economics of permissible WTO retaliation / Chad P. Bown and Michele Ruta -- Sticking to the rules : quantifying the market access that is potentially protected by WTO-sanctioned trade retaliationsimon / Simon J. Evenett -- The United States' experience and practice in suspending WTO obligations / Scott D. Andersen and Justine Blanchet -- The European community's experience and practice in suspending WTO obligations / Lothar Ehring -- The politics of selecting trade retaliation in the European community : a view from the floor / Håkan Nordström -- Canada's experience and practice in suspending WTO obligations / Vasken Khabayan -- Is retaliation useful? : observations and analysis of Mexico's experience / Jorge A. Huerta Goldman -- Procedures for the design and implementation of trade retaliation in Brazil / Luiz Eduardo Salles -- Retaliation in the WTO : the experience of Antigua and Barbuda in US-gambling / Mark E. Mendel.
505 00 - FORMATTED CONTENTS NOTE
Formatted contents note Evaluating the criticism that WTO retaliation rules undermine the utility of WTO dispute settlement for developing countries / Hunter Nottage -- Optimal sanctions in the WTO : the case for decoupling (and the uneasy case for the status quo) / Alan O. Sykes -- Sanctions in the WTO : problems and solutions / William J. Davey -- WTO retaliatory measures : the case for multilateral regulation of the domestic decision-making process / Reto Malacrida -- The WTO secretariat and the role of economics in panels and arbitrations / Chad P. Bown -- The equivalence standard under Article 22.4 of the DSU : a 'tariffic' misunderstanding? / Simon Schropp -- Cross-retaliation and suspension under the GATS and TRIPS agreements / Werner Zdouc -- Cross-retaliation in TRIPS : issues of law and practice / Frederick Abbott -- Preliminary thoughts on WTO retaliation in the services sector / Arthur E. Appleton -- Compensation assessments : perspectives from investment arbitration / Gabrielle Kaufmann-Kohler -- Reforming WTO retaliation : any lessons from competition law? / Simon J. Evenett.
610 20 - SUBJECT ADDED ENTRY--CORPORATE NAME
Corporate name or jurisdiction name as entry element World Trade Organization
Form subdivision Rules and practice.
650 #0 - SUBJECT ADDED ENTRY--TOPICAL TERM
Topical term or geographic name entry element Arbitration (International law)
650 #0 - SUBJECT ADDED ENTRY--TOPICAL TERM
Topical term or geographic name entry element Foreign trade regulation.
650 #0 - SUBJECT ADDED ENTRY--TOPICAL TERM
Topical term or geographic name entry element Dumping (International trade)
General subdivision Law and legislation.
650 #0 - SUBJECT ADDED ENTRY--TOPICAL TERM
Topical term or geographic name entry element Tariff
General subdivision Law and legislation.
650 #0 - SUBJECT ADDED ENTRY--TOPICAL TERM
Topical term or geographic name entry element Import quotas.
700 1# - ADDED ENTRY--PERSONAL NAME
Personal name Bown, Chad P.,
Fuller form of name (Chad Philips),
Dates associated with a name 1972-
Relator term editor.
700 1# - ADDED ENTRY--PERSONAL NAME
Personal name Pauwelyn, Joost,
Relator term editor.
830 #0 - SERIES ADDED ENTRY--UNIFORM TITLE
Uniform title Cambridge international trade and economic law.
856 40 - ELECTRONIC LOCATION AND ACCESS
Uniform Resource Identifier <a href="https://fll.law.cu.edu.eg/fulltext/bks/ENGB12-00082.pdf">https://fll.law.cu.edu.eg/fulltext/bks/ENGB12-00082.pdf</a>
905 ## - Cataloger and Reviser Names
Cataloger Name: Hend El khosy
942 ## - ADDED ENTRY ELEMENTS (KOHA)
Source of classification or shelving scheme Dewey Decimal Classification
Koha item type Books
Edition 21
Suppress in OPAC No
Holdings
Withdrawn status Lost status Source of classification or shelving scheme Damaged status Not for loan Collection Home library Current library Date acquired Total checkouts Full call number Barcode Date last seen Copy number Price effective from Koha item type Public note
    Dewey Decimal Classification     القانون الدولي الخاص جــــامعة القــاهرة مكتبة كلية الحقوق - فـرع الشيخ زايد 10.03.2026   Law2 12 347.87 LA 2010 1200082 C1 ENGB12-00082 10.03.2026 1 10.03.2026 Books 1968

© All rights reserved — Faculty of Law, Cairo University